[Event "37th Olympiad w"]
[Site "Turin ITA"]
[Date "2006.06.04"]
[Round "13"]
[White "Juergens,V"]
[Black "Goletiani,R"]
[Result "1/2-1/2"]
[WhiteElo "2330"]
[BlackElo "2371"]

1.d4 Nf6 2.Bg5 e6 3.e4 h6 4.Bxf6 Qxf6 5.Nc3 d6 6.Qd2 g5 7.Nge2 Bd7 8.f4 Bg7
9.g3 gxf4 10.gxf4 Qh4+ 11.Ng3 Nc6 12.Ne2 e5 13.d5 Nd4 14.Nxd4 exf4 15.Nf3 Qg4
16.Bh3 Qxh3 17.Qxf4 Bxb2 18.Rb1 Bc3+ 19.Kf2 Qg4 20.Qxg4 Bxg4 21.Rxb7 Ba5
22.Rb3 Bb6+ 23.Kg2 O-O-O 24.Nh4 Rde8 25.Rf1 Rh7 26.Rf4 Rg7 27.Rd3 a5 28.Kf1 h5
29.Ke1 f5 30.Kd2 fxe4 31.Nxe4 Rge7 32.Nf6 Re2+ 33.Kc3 R8e7 34.h3 Bd7 35.Nxd7 Kxd7
36.Ng6 Rg7 37.Rf6 Kc8 38.Nf4 Rh2 39.a4 Rg1 40.Kb2 Kb7 41.Rf8 Rf2 42.Ne6 Rxf8
43.Nxf8 h4 44.Ne6 Rg3 45.Kc3 Be3 46.Nd4 Bxd4+ 47.Kxd4 Rg2 48.Kc3 Kb6 49.Kb3 Kc5
50.Rc3+ Kxd5 51.Rxc7 Rg3+ 52.c3 Rxh3 53.Ra7 Ke4 54.Rxa5 d5 55.Kb4 Rh1 56.Ra8 Kf3
57.Rh8 h3 58.Kc5 Kg2 59.Kxd5 Ra1 60.Rg8+ Kf2 61.Rh8 Kg3 62.Rg8+ Kf3 63.Rh8 Kg3
64.Rg8+ Kf3 65.Rf8+ Kg3 66.Rg8+ Kf3 67.Rf8+ Kg3 68.Rg8+ Kf2  1/2-1/2

[Event "ch-FIN"]
[Site "Helsinki FIN"]
[Date "2006.06.10"]
[Round "1"]
[White "Karttunen,M"]
[Black "Tiitta,S"]
[Result "1-0"]
[WhiteElo "2431"]
[BlackElo "2230"]

1.d4 Nf6 2.Bg5 e6 3.e4 h6 4.Bxf6 Qxf6 5.Nc3 d6 6.Qd2 g5 7.Bc4 Bg7 8.Nge2 Nc6
9.Rd1 Bd7 10.Nb5 Rc8 11.c3 a6 12.Na3 h5 13.Nc2 Bh6 14.Ne3 g4 15.O-O Rg8 16.f4 gxf3
17.Ng3 h4 18.Rxf3 Qg6 19.Ngf1 Na5 20.Bd3 Bb5 21.Qc2 Bxd3 22.Qxd3 Ke7 23.h3 Rg7
24.Ng4 Bg5 25.Nfe3 Bxe3+ 26.Qxe3 Nc4 27.Qe2 Nb6 28.c4 Nd7 29.b4 Qg5 30.e5 Rd8
31.Rdf1 dxe5 32.dxe5 Nb6 33.Qf2 Rd2 34.Rxf7+ Kd8 35.Rxg7 Qh6 36.Qf8+  1-0

[Event "Masters"]
[Site "Las Vegas USA"]
[Date "2006.06.10"]
[Round "2"]
[White "Savage,B"]
[Black "Bick,J"]
[Result "1-0"]
[WhiteElo "2310"]
[BlackElo "2238"]

1.d4 Nf6 2.Bg5 e6 3.e4 c5 4.e5 h6 5.Bc1 Nd5 6.c4 Nb4 7.d5 exd5 8.cxd5 Qe7
9.f4 d6 10.a3 N4a6 11.Nf3 Bg4 12.Bb5+ Kd8 13.O-O Nc7 14.Nc3 dxe5 15.fxe5 Bxf3
16.Qxf3 Qxe5 17.Bf4 Qd4+ 18.Kh1 a6 19.d6 Bxd6 20.Bxd6 Nxb5 21.Nxb5 axb5 22.Bxb8 Qxb2
23.Qxb7 Rxa3 24.Qc7+  1-0

[Event "2nd Festival"]
[Site "Lodi ITA"]
[Date "2006.06.10"]
[Round "8"]
[White "Vezzosi,P"]
[Black "Stella,A"]
[Result "1-0"]
[WhiteElo "2362"]
[BlackElo "2114"]

1.d4 Nf6 2.Bg5 e6 3.e4 h6 4.Bxf6 Qxf6 5.Qd2 d6 6.Nc3 Qd8 7.f4 Be7 8.Nf3 Nd7
9.O-O-O c5 10.Kb1 cxd4 11.Nxd4 a6 12.Bc4 Nc5 13.f5 b5 14.Nc6 Qc7 15.Nxe7 bxc4
16.Nxc8 Rxc8 17.Qxd6 Qxd6 18.Rxd6 O-O 19.Rd4 Nb7 20.Kc1 exf5 21.exf5 Rfe8
22.Rf1 Rc6 23.a4 Nd6 24.f6 g5 25.h4 Kh7 26.Nd5 Nc8 27.hxg5 hxg5 28.Kd2 Re5
29.Kc3 Rc5 30.Rfd1 Nd6 31.Ne7 Ne4+ 32.Rxe4 Rxe4 33.g3 Rxe7 34.fxe7 Re5 35.Rd7  1-0

[Event "2nd Festival"]
[Site "Lodi ITA"]
[Date "2006.06.10"]
[Round "8"]
[White "Drazic,S"]
[Black "Giretti Kanev,J"]
[Result "1-0"]
[WhiteElo "2497"]
[BlackElo "2220"]

1.d4 Nf6 2.Bg5 e6 3.e4 h6 4.Bxf6 Qxf6 5.Nc3 b6 6.Qd2 Bb7 7.a3 a6 8.f4 g5
9.Nge2 c5 10.d5 gxf4 11.Nxf4 e5 12.Nh5 Qh4+ 13.Ng3 Rg8 14.Qf2 d6 15.Be2 Qf4
16.O-O Qxf2+ 17.Rxf2 Bc8 18.Raf1 Ra7 19.Bh5 Rg7 20.Nd1 Bg4 21.Ne3 Bxh5 22.Nxh5 Rg6
23.a4 b5 24.a5 c4 25.h3 Rc7 26.g4 b4 27.Ng2 c3 28.b3 Be7 29.Rxf7 Rc5 30.Ng7+ Kd8
31.Ne6+ Rxe6 32.dxe6 Nc6 33.Ne3 Nd4 34.Rh7 Rxa5 35.Rff7 Ra1+ 36.Kg2 Nc6 37.Nd5  1-0

[Event "TCh-NOR Open"]
[Site "Oslo NOR"]
[Date "2006.06.10"]
[Round "4"]
[White "Urkedal,F"]
[Black "Lindsoe,F"]
[Result "1-0"]
[WhiteElo "2070"]
[BlackElo "1910"]

1.d4 Nf6 2.Bg5 e6 3.e4 h6 4.Bxf6 Qxf6 5.Nc3 Bb4 6.Qd3 d5 7.e5 Qd8 8.f4 O-O
9.a3 Be7 10.Nf3 c5 11.O-O-O Nc6 12.g4 cxd4 13.Nxd4 Qb6 14.Nb3 a5 15.Be2 a4
16.Nd2 Bd7 17.h4 Nd4 18.g5 Nxe2+ 19.Qxe2 Rfc8 20.Rh3 d4 21.Nce4 Bb5 22.Qg4 d3
23.c3 Qd4 24.gxh6 g6 25.Kb1 Rxc3 26.f5 Rc2  1-0

[Event "III Muhamedzjanov Mem"]
[Site "Nabereshnye Chelny RUS"]
[Date "2006.06.12"]
[Round "3"]
[White "Mingachev,M"]
[Black "Balashov,Y"]
[Result "1-0"]
[WhiteElo "2359"]
[BlackElo "2462"]

1.d4 Nf6 2.Bg5 e6 3.e4 h6 4.Bxf6 Qxf6 5.Nc3 d6 6.Qd2 a6 7.O-O-O Nd7 8.f4 g5
9.g3 gxf4 10.gxf4 h5 11.e5 Qh6 12.Nf3 Be7 13.h4 Nb6 14.Ng5 Bd7 15.Nce4 Rf8
16.exd6 cxd6 17.Qb4 Nc8 18.d5 b5 19.Bh3 f5 20.dxe6 Bc6 21.Qc3 Bxe4 22.Nxe4 Qxf4+
23.Nd2 Kd8 24.Qa5+ Ke8 25.Qc7  1-0

[Event "Open A"]
[Site "Balatonlelle HUN"]
[Date "2006.06.17"]
[Round "1"]
[White "Felegyhazi,L"]
[Black "Maringer,W"]
[Result "1-0"]
[WhiteElo "2282"]
[BlackElo "2090"]

1.d4 Nf6 2.Bg5 e6 3.e3 c5 4.c3 b6 5.Nd2 Be7 6.Bd3 Bb7 7.Ngf3 d6 8.O-O O-O
9.h3 Nbd7 10.Qe2 Re8 11.e4 e5 12.dxe5 dxe5 13.Bxf6 Bxf6 14.Ba6 Bc6 15.Bb5 Qc7
16.a4 Red8 17.Nc4 Bb7 18.Rfd1 Nf8 19.Rxd8 Rxd8 20.a5 Ne6 21.g3 h5 22.h4 g6
23.a6 Ba8 24.Nfd2 Qe7 25.Nf3 Nc7 26.Na3 Qe6 27.Bc4 Qg4 28.Re1 Bc6 29.Qe3 Kg7
30.Bf1 Qd7 31.Nc4 Qe7 32.Ra1 Ba8 33.Bg2 b5 34.Ncd2 Qd6 35.b4 cxb4 36.cxb4 Qxb4
37.Qxa7 Ne6 38.Qe3 Nd4 39.Nxd4 Rxd4 40.Nb3 Rc4 41.Na5 Qb2 42.Qe1 Rb4 43.Nb7 Be7
44.Bf1 Qd4 45.Rd1 Qb6 46.Rd7 Bc5 47.Rd5 Bf8 48.Rd8 Bxb7 49.Rxf8 Rb2 50.Rb8 Qxa6
51.Qc3 Rxf2 52.Qc5 Rxf1+ 53.Kxf1 Qa1+ 54.Kf2 Bxe4 55.Qf8+ Kf6 56.Rb6+ Kf5
57.Qc8+  1-0

[Event "Open A"]
[Site "Balatonlelle HUN"]
[Date "2006.06.19"]
[Round "3"]
[White "Kopisch,M"]
[Black "Maringer,W"]
[Result "0-1"]
[WhiteElo "2171"]
[BlackElo "2090"]

1.d4 Nf6 2.Bg5 e6 3.e3 h6 4.Bh4 c5 5.c3 b6 6.Nd2 cxd4 7.cxd4 Be7 8.Bd3 Bb7
9.f3 Nd5 10.Bf2 Bh4 11.g3 Bg5 12.e4 Nb4 13.Bb1 Ba6 14.f4 Be7 15.a3 Nd3+ 16.Bxd3 Bxd3
17.Qf3 Ba6 18.Ne2 Nc6 19.O-O d5 20.e5 Qd7 21.Rac1 Rc8 22.Rc3 O-O 23.Rfc1 Na5
24.g4 Bxe2 25.Qxe2 Rxc3 26.Rxc3 Rc8 27.Nb1 Rxc3 28.Nxc3 Qc6 29.Be1 Nc4 30.h4 b5
31.Nd1 Qb6 32.Qf2 a5 33.Kg2 b4 34.a4 b3 35.Bc3 Qc6 36.f5 exf5 37.gxf5 Qxa4
38.f6 Bf8 39.fxg7 Bxg7 40.Ne3 Nxe3+ 41.Qxe3 Qd7 42.Qf4 a4 43.Kg3 Qe6 44.Qf1 h5
45.Qf3 Qg6+ 46.Kh3 Bh6 47.Qxd5 Qg4+ 48.Kh2 Bf4+ 49.Kh1 Qh3+  0-1

[Event "Open"]
[Site "Teplice CZE"]
[Date "2006.06.22"]
[Round "7"]
[White "Sleich,J"]
[Black "Pribyl,Jak"]
[Result "1-0"]
[WhiteElo "2292"]
[BlackElo "2065"]

1.d4 Nf6 2.Bg5 e6 3.Nf3 d5 4.e3 Be7 5.Nbd2 c6 6.Bd3 Nbd7 7.O-O O-O 8.c3 b6
9.Qa4 Bb7 10.Ne5 Nxe5 11.dxe5 Ne4 12.Bxe7 Qxe7 13.Bxe4 dxe4 14.Nxe4 f6 15.exf6 gxf6
16.Rad1 b5 17.Qd4 Qg7 18.Nc5 Bc8 19.f4 Kh8 20.Qd6 e5 21.f5 Rg8 22.Rd2 Qg5
23.e4 h5 24.Rf3 h4 25.Rh3 a5 26.Qd3 Ra7 27.Qe3 Rh7 28.Nd3 Rhg7 29.Ne1 Rh7
30.b4 axb4 31.cxb4 c5 32.bxc5 Bb7 33.Rd6 Rhg7 34.c6 Ba6 35.Kf2 b4  1-0

[Event "Summer-3"]
[Site "Alushta UKR"]
[Date "2006.06.24"]
[Round "9"]
[White "Ajrapetjan,Y"]
[Black "Alexikov,A"]
[Result "0-1"]
[WhiteElo "2384"]
[BlackElo "2404"]

1.d4 Nf6 2.Bg5 e6 3.e4 h6 4.Bxf6 Qxf6 5.Nc3 Bb4 6.Nf3 d6 7.Qd2 O-O 8.a3 Ba5
9.O-O-O Nc6 10.Be2 e5 11.d5 Ne7 12.h3 Bb6 13.Rdf1 c6 14.dxc6 bxc6 15.Bc4 Be6
16.Bxe6 Qxe6 17.Nh4 Rfd8 18.f4 exf4 19.Qxf4 Bd4 20.Nf5 Bxc3 21.bxc3 Rab8
22.Rd1 d5 23.Nd4 Qxe4 24.Qxe4 dxe4 25.g4 g6 26.Rhf1 f5 27.gxf5 gxf5 28.Rg1+ Kf7
29.Rdf1 Kf6 30.Rg4 c5 31.Nb3 Ke5 32.Rg7 Nd5 33.Nxc5 Nxc3 34.Nb3 Kf6 35.Rxa7 e3
36.Ra6+ Kg5 37.Ra5 e2 38.Raxf5+ Kg6 39.Rf6+ Kg7  0-1

[Event "White Nights Open"]
[Site "St Petersburg RUS"]
[Date "2006.06.27"]
[Round "5"]
[White "Eliseev,Alexe"]
[Black "Serov,M"]
[Result "1-0"]
[WhiteElo "2425"]
[BlackElo "2263"]

1.d4 Nf6 2.Bg5 e6 3.Nd2 c5 4.e3 Nc6 5.c3 b6 6.f4 Be7 7.Bxf6 Bxf6 8.Ngf3 Bb7
9.Bd3 Qc7 10.g3 d6 11.O-O g6 12.Qe2 Bg7 13.a4 O-O 14.Qf2 Rac8 15.Rae1 Kh8
16.g4 f5 17.Ng5 Rce8 18.Bc4 Nd8 19.Bb5 Re7 20.Qh4 h6 21.Nh3 Nf7 22.Nf3 cxd4
23.exd4 e5 24.fxe5 dxe5 25.Nf4 Qd6 26.Qxe7 exf4 27.Qxb7  1-0

[Event "II Perla Baltyku"]
[Site "Mielno POL"]
[Date "2006.06.29"]
[Round "10"]
[White "Koziak,V"]
[Black "Shishkin,Va UKR"]
[Result "0-1"]
[WhiteElo "2462"]
[BlackElo "2541"]

1.d4 Nf6 2.Bg5 e6 3.e4 h6 4.Bxf6 Qxf6 5.Nc3 Bb4 6.Nf3 Bxc3+ 7.bxc3 b6 8.Bd3 Bb7
9.O-O d6 10.Qe2 O-O 11.a4 a5 12.Nd2 e5 13.Nb3 Nd7 14.g3 Rae8 15.Rae1 Re7
16.f4 exf4 17.Rxf4 Qe6 18.d5 Qe5 19.Nd4 g6 20.Qf2 Nc5 21.Bb5 f5 22.Bc6 Bc8
23.Re2 g5 24.exf5 gxf4 25.Rxe5 dxe5 26.Ne6 Rxf5 27.g4 Bxe6 28.gxf5 Bxf5 29.Qh4 Rg7+
30.Kf1 Bxc2 31.Qxh6 Bd3+ 32.Ke1 Rg1+ 33.Kf2 Rg6 34.Qh4 Ne4+ 35.Kf3 Nd2+ 36.Kf2 Ne4+
37.Kf3 Ng5+ 38.Kf2 e4 39.Be8 e3+ 40.Kg2 f3+ 41.Kg3 e2 42.Kf2 Nh3+ 43.Qxh3 Rg2+
44.Kxf3 Be4+ 45.Kf4 Rf2+ 46.Kg5 Rf5+ 47.Kh6 e1=Q 48.Qg4+ Kf8 49.Qg7+ Kxe8
50.Qg6+ Rf7 51.Qe6+ Re7 52.Qg8+ Kd7 53.Qg4+ Kd6  0-1

[Event "II Open"]
[Site "Sort ESP"]
[Date "2006.06.29"]
[Round "4"]
[White "Mirzoev,A"]
[Black "Roeder,M"]
[Result "1/2-1/2"]
[WhiteElo "2532"]
[BlackElo "2403"]

1.d4 Nf6 2.Bg5 e6 3.e4 h6 4.Bxf6 Qxf6 5.Nc3 d6 6.Qd2 c6 7.f4 e5 8.dxe5 dxe5
9.f5 Bb4 10.Nf3 Nd7 11.a3 Ba5 12.O-O-O Qe7 13.Bc4 Nf6 14.Rhe1 b5 15.Ba2 Bb7  1/2-1/2

[Event "34th World Open"]
[Site "Philadelphia USA"]
[Date "2006.06.30"]
[Round "3"]
[White "Hoekstra,M"]
[Black "Ly,M"]
[Result "0-1"]
[WhiteElo "2363"]
[BlackElo "2188"]

1.d4 Nf6 2.Bg5 e6 3.e4 h6 4.Bxf6 Qxf6 5.Nc3 Bb4 6.Nf3 d5 7.e5 Qe7 8.a3 Bxc3+
9.bxc3 c5 10.h4 Nc6 11.Bb5 O-O 12.Rh3 Bd7 13.Bxc6 bxc6 14.Qd2 cxd4 15.cxd4 c5
16.Nh2 f6 17.Nf3 cxd4 18.Qxd4 f5 19.Qb4 Qf7 20.Nd4 f4 21.Rb3 f3 22.Rxf3 Qg6
23.O-O-O Qxg2 24.Rxf8+ Rxf8 25.Qd6 Rf7 26.Nxe6 Rxf2 27.Qb8+ Kf7 28.Nd4 Rf1
29.Qxa7 Rxd1+ 30.Kxd1 Kg8 31.Kc1 Bg4 32.e6 Qe4 33.Qb6 Kh7 34.a4 Qe3+ 35.Kb2 Bxe6
36.a5 Bc8 37.h5 Qe8 38.Ka2 Qxh5 39.a6 Qg6 40.Nb3 Qxc2+ 41.Ka1  0-1

[Event "II Balazs-Diak Cup U-18"]
[Site "Balatonlelle HUN"]
[Date "2006.07.06"]
[Round "6"]
[White "Gonda,L"]
[Black "Fodor,I2"]
[Result "1-0"]
[WhiteElo "2465"]
[BlackElo "2214"]

1.d4 Nf6 2.Bg5 e6 3.c4 h6 4.Bh4 Bb4+ 5.Nc3 c5 6.d5 d6 7.e3 Bxc3+ 8.bxc3 g5
9.Bg3 e5 10.Bd3 Qe7 11.e4 Nbd7 12.h4 g4 13.h5 Rg8 14.Ne2 Rg5 15.Bh4 Rxh5
16.Ng3 Rxh4 17.Rxh4 Nf8 18.Rxh6 Ng6 19.Qd2 Ng8 20.Rh2 Bd7 21.O-O-O O-O-O
22.Nf5 Qf6 23.Rdh1 N8e7 24.Nxe7+ Nxe7 25.g3 Ng6 26.Rh5 Rg8 27.R1h2 Qd8 28.Be2 Qa5
29.Rh7 Rf8 30.Rg7 Kd8 31.Rhh7 Ke8 32.Kd1 Qb6 33.Qc1 Qa5 34.Qb2 b6 35.Ke1 Qa4
36.Kf1 Qa6 37.Qd2 Qa3 38.Rxg6 fxg6 39.Qg5  1-0

[Event "35th TCh-GRE"]
[Site "Ermioni GRE"]
[Date "2006.07.06"]
[Round "4"]
[White "Theofilopoulos,N"]
[Black "Markidis,K"]
[Result "0-1"]
[WhiteElo "2018"]
[BlackElo "2370"]

1.d4 Nf6 2.Bg5 e6 3.c4 d5 4.Nf3 Be7 5.e3 h6 6.Bh4 O-O 7.Nc3 Nbd7 8.Qc2 b6
9.Rd1 Bb7 10.Be2 a6 11.O-O dxc4 12.a4 c6 13.Bxc4 b5 14.Bd3 Rc8 15.Qb1 b4
16.Ne4 Nxe4 17.Bxe7 Qxe7 18.Bxe4 Nf6 19.Nd2 c5 20.Bxb7 Qxb7 21.Nb3 cxd4 22.exd4 Rfd8
23.Nc5 Qa8 24.Rfe1 a5 25.Qa2 Qd5 26.Qxd5 Rxd5 27.g3 Rcd8 28.Nb7 R8d7 29.Nc5 Rc7
30.Re5 Rcxc5 31.Ree1  0-1

[Event "XXXII Open"]
[Site "Badalona ESP"]
[Date "2006.07.09"]
[Round "8"]
[White "Narciso Dublan,M"]
[Black "Lopez Martinez,J"]
[Result "0-1"]
[WhiteElo "2467"]
[BlackElo "2480"]

1.d4 Nf6 2.Bg5 e6 3.e4 c5 4.e5 h6 5.Bc1 Nh7 6.c3 Nc6 7.Be3 cxd4 8.cxd4 d6
9.exd6 Bxd6 10.Nc3 O-O 11.Nf3 Nf6 12.Be2 b6 13.O-O Bb7 14.Rc1 Rc8 15.Re1 Bb8
16.Qa4 Ne7 17.Ne5 Nf5 18.Bf3 Bxe5 19.dxe5 Bxf3 20.exf6 Bc6 21.Qg4 Qxf6 22.Bf4 Qh4
23.Qxh4 Nxh4 24.f3 Bxf3 25.gxf3 Nxf3+ 26.Kf2 Nxe1 27.Rxe1 Rfd8 28.Re4 Rd7
29.a4 Rc6 30.Rb4 f6 31.Be3 e5 32.Rb5 Kf7 33.Kf3 g5 34.a5 bxa5 35.Na4 a6 36.Rb8 f5
37.Bc5 Rd5 38.Rb7+ Kg6 39.Ba3 Rc2 40.Ke3 e4 41.Rb6+ Kh5 42.Rd6 f4+ 43.Kxe4 Rxd6
44.Bxd6 Rc4+  0-1

[Event "5th Open"]
[Site "La Fere FRA"]
[Date "2006.07.10"]
[Round "4"]
[White "Godart,F"]
[Black "Casier,R"]
[Result "1-0"]
[WhiteElo "1952"]
[BlackElo "1833"]

1.d4 Nf6 2.Bg5 e6 3.e3 d5 4.Nd2 Be7 5.Bd3 Nbd7 6.f4 c5 7.c3 b6 8.Ngf3 Ng4
9.Bxe7 Qxe7 10.Qe2 c4 11.Bc2 f5 12.h3 Nh6 13.b3 Qa3 14.O-O b5 15.Ng5 Nf6
16.Ndf3 O-O 17.Ne5 Nd7 18.Nxe6 Nxe5 19.Nxf8 Nc6 20.Qf3 Qd6 21.Nxh7 Kxh7 22.a4 bxa4
23.bxc4 dxc4 24.Bxa4 Be6 25.e4 Rf8 26.d5  1-0

[Event "Open A"]
[Site "Banska Stiavnica SVK"]
[Date "2006.07.11"]
[Round "4"]
[White "Kireev,Al"]
[Black "Havlicek,L2"]
[Result "1/2-1/2"]
[WhiteElo "2382"]
[BlackElo "2279"]

1.d4 Nf6 2.Bg5 e6 3.e3 Be7 4.Nd2 b6 5.Ngf3 Bb7 6.Bd3 c5 7.c3 d5 8.Ne5 Nfd7
9.Bxe7 Qxe7 10.f4 Nc6 11.O-O O-O 12.Rf3 Ncxe5 13.fxe5 f6 14.Rh3 g6 15.exf6 Qxf6
16.Qe2 e5 17.Rf1 Qe7 18.Qg4 e4 19.Bb5 Rxf1+ 20.Nxf1 Nf8 21.Qh4 Qf7 22.Qf2 Qg7
23.Qf4 Ne6 24.Qd6 Nc7 25.Bd7 Bc8 26.Bc6 Bxh3 27.Bxa8 Qd7 28.dxc5 bxc5 29.Qxc5 Nxa8
30.gxh3 Nb6 31.Kg2 Qf7 32.Nd2 Qf5 33.Qc7 Qg5+ 34.Qg3 Qe7 35.h4 Kg7 36.Qg5 Qe6
37.b3 h6 38.Qf4 Nd7 39.c4 Nf6 40.Qc7+ Kh8 41.Qb8+ Ng8 42.h3 a6 43.c5 Kg7
44.Qb6 Kf7 45.Qxe6+ Kxe6 46.b4 Ne7 47.Nb3 Nf5 48.Kf2 Kd7 49.a4 Kc7 50.b5 axb5
51.axb5 Nxh4 52.Nd4 g5 53.Ne6+ Kb7 54.c6+ Kb6 55.c7 Kb7 56.b6 Nf5 57.Nd8+ Kc8
58.Nc6 Kb7 59.Nb4 Ne7 60.h4 gxh4 61.Kg2 h5 62.Kh3 d4 63.exd4 e3 64.Kxh4 e2
65.Nd3 Kxb6 66.Kxh5 Kxc7  1/2-1/2

[Event "Open"]
[Site "Kavala GRE"]
[Date "2006.07.11"]
[Round "9"]
[White "Stefanova,A"]
[Black "Vijayalakshmi,S"]
[Result "0-1"]
[WhiteElo "2520"]
[BlackElo "2417"]

1.d4 Nf6 2.Bg5 e6 3.e4 h6 4.Bxf6 Qxf6 5.c3 d6 6.Bd3 Qg5 7.g3 Nd7 8.f4 Qd8
9.Ne2 b6 10.Nd2 Bb7 11.a4 a6 12.O-O c5 13.Qb1 Qc7 14.d5 exd5 15.exd5 Be7
16.Bc4 O-O 17.Qd3 Nf6 18.Ne4 Nxe4 19.Qxe4 Rfe8 20.Qd3 Bf6 21.g4 Rac8 22.Qf3 Re7
23.Ng3 Rce8 24.Qg2 Qd8 25.Rad1 Bc8 26.Be2 Bh4 27.Bf3 Re3 28.Rd2 Bd7 29.Re2 Bxg3
30.hxg3 Bxa4 31.Qf2 Rxe2 32.Bxe2 a5 33.Bd3 Qe7 34.Kg2 Qe3 35.Qf3 Bb3 36.c4 Qd4
37.g5 Re3 38.Qg4 Qxd3 39.gxh6 Qe2+  0-1

[Event "5th Open"]
[Site "La Fere FRA"]
[Date "2006.07.11"]
[Round "5"]
[White "Godart,M"]
[Black "Ly,An"]
[Result "0-1"]
[WhiteElo "1857"]
[BlackElo "2116"]

1.d4 Nf6 2.Bg5 e6 3.Nd2 Be7 4.e3 b6 5.f4 Bb7 6.Ngf3 c5 7.c3 O-O 8.Bd3 Ba6
9.Qe2 Bxd3 10.Qxd3 d6 11.O-O Nc6 12.Bxf6 Bxf6 13.g4 g6 14.g5 Bg7 15.Rf2 Qc7
16.d5 exd5 17.Qxd5 Ne7 18.Qd3 d5 19.Nf1 Rad8 20.Rd2 d4 21.Rad1 Nc6 22.cxd4 cxd4
23.Qc4 Rc8 24.Rc2 Qd7 25.Qe2 Qg4+ 26.Qg2 Qxg2+ 27.Rxg2 dxe3 28.Nxe3 Nb4 29.a3 Rfe8
30.Ng4 Nc6 31.Rgd2 Na5 32.Nge5 Nc4 33.Nxc4 Rxc4 34.Nd4 Rd8 35.Nb3 Rxd2 36.Rxd2 Rxf4
37.Rd8+ Bf8 38.Ra8 Rg4+ 39.Kh1 Rxg5 40.Rxa7 Rb5  0-1

[Event "6th TCh-Euro u18"]
[Site "Balatonlelle HUN"]
[Date "2006.07.12"]
[Round "1"]
[White "Martinovic,Sa"]
[Black "Ocnarescu,V"]
[Result "1-0"]
[WhiteElo "2367"]
[BlackElo "2177"]

1.d4 Nf6 2.Bg5 e6 3.e4 h6 4.Bxf6 Qxf6 5.c3 g6 6.e5 Qe7 7.Nf3 Bg7 8.Bd3 d6
9.O-O Bd7 10.Nbd2 Bc6 11.Re1 Nd7 12.exd6 Qxd6 13.Qc2 O-O-O 14.b4 Bxf3 15.Nxf3 e5
16.c4 exd4 17.c5 Qf6 18.b5 Bf8 19.c6 Nc5 20.cxb7+ Kxb7 21.Ne5 Nxd3 22.Qxd3 Bb4
23.Qe4+ Kb6 24.Rec1 Bc3 25.a4 Rhe8 26.a5+ Kc5 27.Nd3+ Kc4 28.Ra4+ Kxb5 29.Rb4+ Bxb4
30.Qb7+  1-0

[Event "II Int Open"]
[Site "Alajuela CRC"]
[Date "2006.07.13"]
[Round "3"]
[White "Georgiev,Vl"]
[Black "Zepeda,L"]
[Result "1-0"]
[WhiteElo "2518"]
[BlackElo "2175"]

1.d4 Nf6 2.Bg5 e6 3.Nd2 d5 4.e3 Be7 5.Bd3 Nbd7 6.f4 c5 7.c3 a6 8.Ngf3 b5
9.Ne5 Bb7 10.Qf3 Rc8 11.O-O h6 12.Bh4 Ne4 13.Nxe4 dxe4 14.Bxe4 Bxe4 15.Bxe7 Bxf3
16.Bxd8 Bxg2 17.Kxg2 Nxe5 18.fxe5 Rxd8 19.dxc5 Rd5 20.b4 Rxe5 21.a4 O-O 22.axb5 axb5
23.Kf3 Rd8 24.Rfd1 Rf5+ 25.Ke4 Rb8 26.Ra7 Rg5 27.Rdd7 Rf8 28.c6 Rg4+ 29.Kd3 Rc4
30.c7 Kh7 31.Rb7 Rc8 32.Rxb5 R8xc7 33.Rxc7 Rxc7 34.Rb8 g5 35.b5  1-0

[Event "6th TCh-Euro u18"]
[Site "Balatonlelle HUN"]
[Date "2006.07.13"]
[Round "2"]
[White "Vass,F"]
[Black "Nechepurenko,R"]
[Result "1/2-1/2"]
[WhiteElo "2339"]
[BlackElo "2463"]

1.d4 Nf6 2.Bg5 e6 3.e3 h6 4.Bh4 c5 5.Nf3 Be7 6.Nbd2 O-O 7.Bd3 b6 8.c3 Bb7
9.O-O Nc6 10.Rc1 Rc8 11.Qe2 d6 12.Rfd1 Rc7 13.a3 Qc8 14.dxc5 bxc5 15.Nc4 Rd8
16.Bb1 Ba6 17.Bd3 d5 18.Nce5 Bxd3 19.Qxd3 c4 20.Qc2 Nxe5 21.Nxe5 Rb7 22.Qa4 Rd6
23.Bxf6 gxf6 24.Nf3 f5 25.Rd2 Rdb6 26.h3 Bf6 27.g4 fxg4 28.hxg4 Qb8 29.Rcc2 Kg7
30.Nd4 Qd6 31.Rc1 Rxb2 32.Rxb2 Rxb2 33.Qxa7 Bh4 34.Rc2 Bxf2+ 35.Kxf2 Rxc2+
36.Nxc2 Qh2+ 37.Kf3 Qxc2 38.Qd4+ f6 39.Qa7+ Kg6 40.Qb8 Qe4+ 41.Kf2 Kg5 42.a4 e5
43.Qc8 Qc2+ 44.Kg3 h5 45.Qg8+ Kh6 46.Qh8+ Kg6 47.Qe8+ Kg7 48.Qe7+ Kg8 49.Qe8+ Kg7  1/2-1/2

[Event "16th Heart of Finland Open"]
[Site "Jyvaskyla FIN"]
[Date "2006.07.13"]
[Round "5"]
[White "Karttunen,M"]
[Black "Tiitta,S"]
[Result "1/2-1/2"]
[WhiteElo "2422"]
[BlackElo "2224"]

1.d4 Nf6 2.Bg5 e6 3.e4 h6 4.Bxf6 Qxf6 5.c3 d5 6.Nd2 c5 7.Ngf3 a6 8.dxc5 Bxc5
9.Bd3 O-O 10.O-O Nc6 11.Qe2 Rd8 12.Kh1 Bf8 13.e5 Qe7 14.Nb3 g6 15.Nfd2 b6
16.f4 Bb7 17.Nf3 Nb8 18.Nfd4 Nd7 19.Nd2 b5 20.a3 Bg7 21.Bc2 Nb6 22.Rf3 Rab8
23.Rg3 Nc4 24.N2f3 Re8 25.Bd3 Ba8 26.h4 h5 27.Ng5 Rb6 28.Rf1 Rf8 29.Qc2 Qe8
30.Nh3 a5 31.Qe2 b4 32.axb4 axb4 33.b3 Na5 34.Qd2 Qb8 35.cxb4 Nc6 36.Bxg6 Nxd4
37.Bh7+ Kxh7 38.Ng5+ Kg8 39.Qxd4 f5 40.exf6 Rxf6 41.Ne4 Rf7 42.Nf6+ Kh8 43.Rxg7 Rxg7
44.Nxh5 e5 45.fxe5 Rxb4 46.Qf2 Qd8 47.g3 Rxh4+ 48.gxh4 d4+ 49.Kh2 Rg2+ 50.Qxg2 Bxg2
51.Kxg2 d3 52.Nf4 d2 53.Rd1 Qd4 54.Kf3 Kh7 55.Ng2 Qxe5 56.Rxd2 Qc3+ 57.Ke2 Qxb3  1/2-1/2

[Event "ch-NOR"]
[Site "Moss NOR"]
[Date "2006.07.13"]
[Round "7"]
[White "Djurhuus,R"]
[Black "Tallaksen,G"]
[Result "1-0"]
[WhiteElo "2462"]
[BlackElo "2356"]

1.d4 Nf6 2.Bg5 e6 3.Nd2 h6 4.Bh4 d5 5.e3 c5 6.c3 Nbd7 7.f4 cxd4 8.exd4 Bd6
9.Qf3 Qc7 10.Bxf6 Nxf6 11.g3 Bd7 12.Bd3 O-O 13.Ne2 b5 14.g4 Nh7 15.h4 b4
16.g5 bxc3 17.bxc3 f5 18.Rg1 Kh8 19.Kf2 Rab8 20.Rab1 Rxb1 21.Rxb1 Rb8 22.Rxb8+ Qxb8
23.Nb3 Nf8 24.Nc5 Bb5 25.Qe3 Bxc5 26.dxc5 Bxd3 27.Qxd3 Kg8 28.Qa6 Kf7 29.c6 Ke7
30.Qb7+ Qxb7 31.cxb7 Nd7 32.Nd4 Kd6 33.h5 Nb8 34.Kg3 Ke7 35.Kh4 Kd6 36.Nf3 Ke7
37.Ne5 Ke8 38.Kg3 Ke7 39.Kf3 Kd6 40.Nf7+ Ke7 41.g6  1-0

[Event "XXIV Andorra Open"]
[Site "Andorra la Vella AND"]
[Date "2006.07.14"]
[Round "7"]
[White "Bhat,V"]
[Black "Oms Pallise,J"]
[Result "0-1"]
[WhiteElo "2409"]
[BlackElo "2511"]

1.d4 Nf6 2.Bg5 e6 3.e4 h6 4.Bxf6 Qxf6 5.Nc3 d6 6.Qd2 c6 7.f4 e5 8.dxe5 dxe5
9.f5 Bb4 10.O-O-O Nd7 11.Nf3 Qe7 12.Qe1 Nc5 13.a3 Bxc3 14.Qxc3 Nxe4 15.Qxe5 Qxe5
16.Nxe5 O-O 17.Rd4 Bxf5 18.Bd3 Rae8 19.Bxe4 Rxe5 20.Bxf5 Rxf5 21.Rd7 Re8
22.Rxb7 Re2 23.Rxa7 Rff2 24.Rb7 Rxc2+ 25.Kb1 Rxg2 26.h4 Rc4 27.Rc1 Rxh4 28.Rxc6 Rf4
29.Rb4 Rxb4 30.axb4 h5 31.Rc5 h4 32.b5 h3 33.Rh5 h2 34.Ka2 Rg5 35.Rxh2 Rxb5
36.Ka3 g5 37.Ka4 Rb8 38.b4 Kg7 39.b5 Kg6 40.Ka5 g4 41.b6 f5 42.Ka6 g3 43.Rc2 f4
44.Ka7 Rh8 45.b7 Rh7  0-1

[Event "Inautomarket Open"]
[Site "Minsk BLR"]
[Date "2006.07.14"]
[Round "5"]
[White "Popov,Iv RUS"]
[Black "Zherebukh,Y"]
[Result "1-0"]
[WhiteElo "2485"]
[BlackElo "2371"]

1.d4 Nf6 2.Bg5 e6 3.e4 h6 4.Bxf6 Qxf6 5.Nf3 d6 6.Nc3 g6 7.Qd2 Bg7 8.O-O-O a6
9.e5 Qe7 10.Bd3 Nd7 11.Rhe1 d5 12.Ne2 c5 13.Nf4 Rg8 14.c4 dxc4 15.Be4 cxd4
16.Qxd4 Qc5 17.Nxe6 Qxd4 18.Nxg7+ Rxg7 19.Rxd4 Nb6 20.Red1 Be6 21.Rd6 Nd7
22.Bxb7 Ra7 23.Bc6 Ke7 24.Bxd7 Bxd7 25.Nd4 Rg8 26.Nc6+ Bxc6 27.Rxc6 Rb8 28.Rxc4 Rb5
29.f4 a5 30.Rdd4 g5 31.g3 Rab7 32.b3 gxf4 33.gxf4 R7b6 34.Rc7+ Ke6 35.Rcd7 Rc6+
36.Kb2 Rbb6 37.R4d6+  1-0

[Event "II Int Open"]
[Site "Alajuela CRC"]
[Date "2006.07.15"]
[Round "8"]
[White "Hernandez Basante,F"]
[Black "Pina,S"]
[Result "0-1"]
[WhiteElo "2278"]
[BlackElo "2333"]

1.d4 Nf6 2.Bg5 e6 3.e3 Be7 4.Bd3 d6 5.c4 Nbd7 6.Nc3 O-O 7.Qc2 h6 8.Bh4 e5
9.Nge2 Re8 10.O-O-O e4 11.g4 exd3 12.Qxd3 Nf8 13.h3 c6 14.Rhg1 N6h7 15.Bg3 Bh4
16.f4 Bxg3 17.Nxg3 b5 18.cxb5 cxb5 19.Qxb5 Rxe3 20.Kb1 Rxc3 21.bxc3 Rb8 22.Qxb8 Bf5+
23.Nxf5 Qxb8+ 24.Kc2 Qe8 25.Nxd6 Qe6 26.Nf5 Qxa2+ 27.Kd3 Qa6+ 28.Kc2 Qa4+
29.Kb2 Nf6 30.Ne7+ Kh7 31.Rde1 Qb5+ 32.Kc2 Nd5 33.Nxd5 Qxd5 34.Re5 Qa2+ 35.Kd3 Ne6
36.f5 Nf4+ 37.Ke4 g5 38.fxg6+ Nxg6 39.Rf5 Qe2+  0-1

[Event "21st North Sea Cup"]
[Site "Esbjerg DEN"]
[Date "2006.07.15"]
[Round "9"]
[White "Nielsen,Henr"]
[Black "Hoiberg,E"]
[Result "0-1"]
[WhiteElo "1994"]
[BlackElo "2114"]

1.d4 Nf6 2.Bg5 e6 3.Nd2 Be7 4.e4 d6 5.Ngf3 Nbd7 6.Bd3 b6 7.O-O Bb7 8.Qe2 O-O
9.h3 c5 10.c3 e5 11.d5 Nxd5 12.exd5 Bxg5 13.Nxg5 Qxg5 14.Ne4 Qe7 15.c4 f5
16.Nc3 a6 17.f3 Rae8 18.Qc2 g6 19.Rae1 Qh4 20.b3 Rb8 21.Kh2 Nf6 22.Na4 Bc8
23.Qf2 Qh6 24.Nc3 g5 25.Rh1 f4 26.Ne4 g4 27.Nxf6+ Rxf6 28.fxg4 Bxg4 29.Rhf1 Kh8
30.Be2 f3 31.Kg1 Bxh3 32.Bxf3 Bxg2 33.Qxg2 Rg8 34.Bg4 Rxf1+ 35.Rxf1 Qh4 36.Qh2 Qxg4+
37.Kf2 Qd4+  0-1

[Event "Open A"]
[Site "Oberwart AUT"]
[Date "2006.07.15"]
[Round "8"]
[White "Stigar,P"]
[Black "Wohl,A"]
[Result "0-1"]
[WhiteElo "2280"]
[BlackElo "2428"]

1.d4 Nf6 2.Bg5 e6 3.e3 b6 4.Nf3 Bb7 5.Bd3 d6 6.Nbd2 Nbd7 7.c3 h6 8.Bh4 Be7
9.O-O a6 10.Re1 g5 11.Bg3 g4 12.Nh4 h5 13.Qc2 Ng8 14.Ng6 fxg6 15.Bxg6+ Kf8
16.e4 h4  0-1